• 首页
  • 本馆介绍
  • 公告通知
  • 最新文献
  • 馆藏检索
  • 电子资源
  • 读者导购
  • 参考咨询
  • 我的图书馆
  • 登录
  • 详细信息显示
  • 放入我的书架
  • 预约/预借图书
  • 作者相关作品
  • 分类相关作品
  • 丛书相关作品
  • 出版社相关作品

书目信息

  • 表格格式
  • 工作单格式
  • 卡片格式
题名:
我国的沙漠
    
 
作者: 吴正 著
分册:  
出版信息: 北京   商务印书馆  1982.04
页数: 205页
开本: 19cm
丛书名:
单 册:
中图分类: P941.73
科图分类:
主题词: 区域地理学:自然地理学
电子资源:
ISBN:
000 00535nam0 2200205 45
001 0405241551
005 20060406102943.62
010    @dCNY0.74
091    @a12017.272
100    @a20040524d1982 km y0chiy0120 ea
101 0  @achi
200 1  @a我国的沙漠@AWo Guo De Sha Mo@f吴正著@FWu Zheng Zhu
210    @a北京@c商务印书馆@d1982.04
215    @a205页@d19cm
300    @a地理知识读物
606 0  @a区域地理学:自然地理学
690    @aP941.73@v4
701  0 @a吴正@Awu zheng@4著
801    @aCN@bPftUser@c20060406
905    @dP941.73@e51
    
    我国的沙漠/吴正著.-北京:商务印书馆,1982.04
    205页;19cm
    地理知识读物
    
    ISBN :CNY0.74
    
●
相关链接 在E读中查询图书 在五车中查询图书 在当当中查询图书 在豆瓣中查询图书


正题名:我国的沙漠     索取号:P941.73/51         预约/预借

序号 登录号 条形码 馆藏地/架位号 状态 备注
1 0173977   000075652   第二样本阅览室/ [索取号:P941.73/51] 在馆    
2 0176973   202225038   密集书库/ [索取号:P941.73/51] 在馆    
3 0176974   000075625   第三借阅区/ [索取号:P941.73/51] 在馆    
4 0176975   000075634   第三借阅区/ [索取号:P941.73/51] 在馆    
5 0176976   000075643   第三借阅区/ [索取号:P941.73/51] 在馆    
唐山师范学院图书馆 欢迎您!
大连网信软件有限公司© 版权所有